| 000 | 00676 a2200181 4500 | ||
|---|---|---|---|
| 003 | Nust | ||
| 005 | 20250911164551.0 | ||
| 040 | _cNust | ||
| 082 | _a530,PIK | ||
| 100 |
_aS.Pikelner _9130463 |
||
| 245 |
_aPhysics of Interstellar Space : _bA Popular Science Outline / _cS. Pikelner |
||
| 260 |
_aMoscow _bForeign Language Publishing |
||
| 300 | _a229:p | ||
| 505 | _aIntroduction (Page-5) Planetary Nebulae (Page-22) Diffuse Nebulae (Page-70) Interstellar Gas (Page-85) Magnetic Fields in the Galaxy (Page-152) The Interstellar Medium A Step in the Evolution of Galactic Matter (Page-200) | ||
| 538 | _aAlmirah No. 15 Shelf No. 4 | ||
| 650 | _aPhysics | ||
| 942 |
_2ddc _cBK |
||
| 999 |
_c180568 _d180568 |
||